000 01802nam a2200337 a 4500
999 _c433464
_d433464
003 BLK
005 20250710124625.0
008 201128b bu |||||r|||| 00| | bu d
020 _a9786192460389
040 _aBLK
041 _aBUL
_cBUL
080 _aФизическа акустика. Разпространенине на акустичните трептения. Процеси в звуковото поле - скорост на разпространение, отражение на вълните (ехо, резонанс), пречупване, наслагване, поляризация,
_b534.2
_x:087.5
_z534.2:087.5
100 _9465466
_aНаваро, Паула
_eпърви автор
139 _aНаваро, Паула и др.
_bН 13
245 _aИзненадващи експерименти със звук
_cТекст Паула Наваро, Анхелс Хименес ; ил. Бернадет Куксарт ; прев. Ива Костадинова
260 _9402164
_a[София]
_bРобертино
_c 2020
_f([София] : Алианс принт)
300 _a36 с. : с цв. ил.
_c28 см
380 _aDN
500 _aОриг. загл.: Experiments sorprenents amb el so / Angels Jimenes, Paula Navarro
650 7 _9146684
_aАкустика
653 7 _9186888
_aзвук
653 7 _9184826
_aдетска литература
700 _9465467
_aКуксарт, Бернадет
_eил.
700 _aКостадинова, Ива Георгиева
_d1981-
_9337774
700 _aХименес, Анхелс
_eсъавт.
_91445
852 _bД
_c53/Н 13 П
852 _bЦб
_aЦб 311838
942 _cKNG
_n0
_s1
_013
944 _aCR
_c2021-10-11
_k30551
_lБояна Костадинова
944 _aED
_c2022-03-17
_kКети